Оптика атмосферы и океана. Т. 23, № 5: По материалам XVI Международного симпозиума "Оптика атмосферы и океана. Физика атмосферы", [12-15 окт. 2009 г., Томск]. (Запись № 3801715)

Подробности
000 -МАРКЕР
контрольное поле 01986nam2a22003731 4500
001 - ИДЕНТИФИКАТОР ЗАПИСИ
контрольное поле RU\NLR\Per\693430
005 - ИДЕНТИФИКАТОР ВЕРСИИ
контрольное поле 20260407214303.0
035 ## - ДРУГИЕ СИСТЕМНЫЕ НОМЕРА
Идентификатор записи (NLR Aleph) 002941255
100 ## - ДАННЫЕ ОБЩЕЙ ОБРАБОТКИ
Данные общей обработки 20100714d2010 |||y0rusy50 ca
101 0# - ЯЗЫК РЕСУРСА
Язык текста, звукозаписи и т.д. русский
102 ## - СТРАНА ПУБЛИКАЦИИ ИЛИ ПРОИЗВОДСТВА
Страна публикации Российская Федерация
105 ## - ПОЛЕ КОДИРОВАННЫХ ДАННЫХ: ТЕКСТОВЫЕ МАТЕРИАЛЫ, МОНОГРАФИЧЕСКИЕ
Кодированные данные о монографическом текстовом документе y |||||||||
200 1# - ЗАГЛАВИЕ И СВЕДЕНИЯ ОБ ОТВЕТСТВЕННОСТИ
Основное заглавие По материалам XVI Международного симпозиума "Оптика атмосферы и океана. Физика атмосферы", [12-15 окт. 2009 г., Томск].
210 ## - ПУБЛИКАЦИЯ, РАСПРОСТРАНЕНИЕ И ДР.
Дата издания, распространения и т.д. 2010
Место издания, распространения и т.д. Б. м.
215 ## - ФИЗИЧЕСКАЯ ХАРАКТЕРИСТИКА
Специфическое обозначение материала и объем 418 с.
Другие сведения о физической характеристике ил.
Размеры 28
300 ## - ОБЩИЕ ПРИМЕЧАНИЯ
Текст примечания Рез. на англ. яз.
320 ## - ПРИМЕЧАНИЯ О НАЛИЧИИ В ДОКУМЕНТЕ БИБЛИОГРАФИИ / УКАЗАТЕЛЯ
Текст примечания Библиогр. в конце ст.
461 #0 - УРОВЕНЬ НАБОРА
Встроенное поле 001RU\NLR\INFOCOMM15\1000129989
-- 2001#$aОптика атмосферы и океана$eЕжемес. науч.-теорет. журн.$fРос. акад. наук$vТ. 23, № 5
Системный номер (АБИС) связанной записи 3392001
Место публикации Томск
Дата публикации 1988-
Первые сведения об ответственности Рос. акад. наук
Имя издателя, распространителя и т.д. МГП "Раско"
Сведения, относящиеся к заглавию Ежемес. науч.-теорет. журн.
Заглавие Оптика атмосферы и океана
Номер тома Т. 23, № 5
606 1# - НАИМЕНОВАНИЕ ТЕМЫ КАК ПРЕДМЕТ
Наименование темы Атмосферная оптика
Формальный подзаголовок Съезды, совещания и т.п.
Системный номер авторитетной/нормативной записи 932527
Идентификатор авторитетной/нормативной записи RU\NLR\AUTH\6625052
606 1# - НАИМЕНОВАНИЕ ТЕМЫ КАК ПРЕДМЕТ
Наименование темы Моря и океаны
Формальный подзаголовок Съезды, совещания и т.п.
Тематический подзаголовок Оптические явления
Системный номер авторитетной/нормативной записи 1281339
Идентификатор авторитетной/нормативной записи RU\NLR\AUTH\66210721
606 1# - НАИМЕНОВАНИЕ ТЕМЫ КАК ПРЕДМЕТ
Наименование темы Атмосфера
Формальный подзаголовок Съезды, совещания и т.п.
Тематический подзаголовок Физика
Системный номер авторитетной/нормативной записи 1043338
Идентификатор авторитетной/нормативной записи RU\NLR\AUTH\6684126
686 1# - ИНДЕКСЫ ДРУГИХ КЛАССИФИКАЦИЙ
Индекс Д234.2я431(0)
686 1# - ИНДЕКСЫ ДРУГИХ КЛАССИФИКАЦИЙ
Индекс Д221.6я431(0)
686 1# - ИНДЕКСЫ ДРУГИХ КЛАССИФИКАЦИЙ
Индекс Д23я431(0)
710 12 - НАИМЕНОВАНИЕ ОРГАНИЗАЦИИ - ПЕРВИЧНАЯ ОТВЕТСТВЕННОСТЬ
Начальный элемент ввода "Оптика атмосферы и океана. Физика атмосферы", международный симпозиум
Порядковый номер временной организации и / или порядковый номер ее части 16
Дата проведения временной организации 2009
Место проведения временной организации Томск
Идентификатор авторитетной/нормативной записи RU\NLR\AUTH\8810143951
Системный номер авторитетной/нормативной записи 782431
801 #0 - ИСТОЧНИК ЗАПИСИ
Страна Российская Федерация
Организация NLR
Дата составления 20070620
Правила каталогизации psbo
801 #1 - ИСТОЧНИК ЗАПИСИ
Страна Российская Федерация
Организация NLR
Дата составления 20070620
Источник данных rusmarc
801 #2 - ИСТОЧНИК ЗАПИСИ
Страна Российская Федерация
Организация NLR
Дата составления 20071129
Источник данных rusmarc
852 ## - МЕСТОНАХОЖДЕНИЕ И ШИФР ХРАНЕНИЯ
Идентификатор организации NLR
Шифр хранения (Call Number) П8/1329
942 ## - ДОПОЛНИТЕЛЬНЫЕ ЭЛЕМЕНТЫ ЗАПИСИ (АБИС)
Тип экземпляра АБИС Выпуск
980 ## - КОЛЛЕКЦИЯ
Название коллекции Национальная библиография
980 ## - КОЛЛЕКЦИЯ
Название коллекции Русская периодика

Нет доступных экземпляров.